000 00685nam a2200205Ia 4500
001 8605
003 GE_BSU
008 181216s||||||||xx |||||||||||||| ||und||
040 _cGE_BSU
080 _a821.353.1-1+821.353.1-11
100 _aთევზაძე, ანდრო
245 _aლექსები, პოემა
245 _cრედ: სიმონ ჩიქოვანი, მხატვ.: შ. ბერიტაშვილი
260 _aთბ.
260 _bსაბჭ. მწერალი
260 _c1954
300 _a292 გვ; 1 ფურც. პორტრ; 21 სმ
653 _aლექსები პოემა
942 _cBK
999 _c41921
_d41921